[Event "Titled Tuesday intern op 28th Apr"]
[Site "Chess.com INT"]
[Date "2020.04.28"]
[Round "1"]
[White "Chirila, Ioan Cristian"]
[Black "Haque, Nayem"]
[Result "1-0"]
[WhiteElo "2536"]
[BlackElo "2305"]
[PlyCount "73"]
[EventDate "2020.04.28"]
[EventType "swiss (blitz)"]
[EventRounds "10"]
[EventCountry "USA"]
[SourceTitle "EXT 2021"]
[Source "ChessBase"]
[SourceDate "2020.10.23"]
[SourceVersion "1"]
[SourceVersionDate "2020.10.23"]
[SourceQuality "1"]

1. Nf3 Nf6 2. d4 e6 3. c4 d5 4. Nc3 Bb4 5. Bg5 h6 6. Bxf6 Qxf6 7. e3 0-0 8. Rc1 c6 9. Bd3 dxc4 10. Bxc4 b5 11. Bd3 a6 12. 0-0 Bb7 13. Ne4 Qe7 14. Ne5 Bd6 15. Nxd6 Qxd6 16. Qg4 Nd7 17. Nxd7 Qxd7 18. Rc5 Rad8 19. Rfc1 Rfe8 20. Qe4 g6 21. h4 e5 22. Rxe5 c5 23. Rxe8+ Rxe8 24. Qf4 cxd4 25. Rc7 Qd5 26. e4 Qe6 27. Rxb7 Qxa2 28. b4 Rf8 29. e5 Qd5 30. Be4 Qc4 31. Qf6 d3 32. Bxg6 d2 33. Rd7 Qc1+ 34. Kh2 d1Q 35. Bxf7+ Kh7 36. Bg6+ Kg8 37. Qg7# 1-0

[Event "Titled Tuesday intern op 28th Apr"]
[Site "Chess.com INT"]
[Date "2020.04.28"]
[Round "2"]
[White "Haque, Nayem"]
[Black "Bayramov, Zaur"]
[Result "0-1"]
[WhiteElo "2302"]
[BlackElo "2357"]
[PlyCount "124"]
[EventDate "2020.04.28"]
[EventType "swiss (blitz)"]
[EventRounds "10"]
[EventCountry "USA"]
[SourceTitle "EXT 2021"]
[Source "ChessBase"]
[SourceDate "2020.10.23"]
[SourceVersion "1"]
[SourceVersionDate "2020.10.23"]
[SourceQuality "1"]

1. e4 g6 2. d4 Bg7 3. Nf3 d6 4. c4 Nf6 5. Nc3 0-0 6. Bg5 Nc6 7. Qd2 Bg4 8. Be2 Bxf3 9. Bxf3 Nd7 10. d5 Nd4 11. Bh6 Bxh6 12. Qxd4 Ne5 13. Be2 c5 14. Qd1 Qb6 15. 0-0 Qxb2 16. Nb5 a6 17. Rb1 Qxa2 18. Nc7 Rab8 19. f4 Nd7 20. Bg4 Nf6 21. Bf3 Qxc4 22. e5 Nd7 23. Bg4 Rfc8 24. Ne6 f5 25. exf6 Nxf6 26. Ng5 Nxg4 27. Qxg4 Qxd5 28. Rfe1 Bxg5 29. fxg5 Qd4+ 30. Qxd4 cxd4 31. Rxe7 b5 32. Re4 b4 33. Rxd4 a5 34. Rxd6 b3 35. Ra6 Rb5 36. h4 b2 37. Kh2 Rc1 38. Rxb2 Rxb2 39. Rxa5 Rcc2 40. Ra8+ Kf7 41. Ra7+ Ke6 42. Ra6+ Kf5 43. Ra5+ Ke6 44. Ra6+ Kd5 45. Ra5+ Kc6 46. Kh3 Rxg2 47. Ra3 Rgc2 48. Rf3 Kb5 49. h5 Kb4 50. hxg6 hxg6 51. Rf6 Rh2+ 52. Kg3 Rbg2+ 53. Kf4 Rf2+ 54. Ke5 Rxf6 55. Kxf6 Kc5 56. Kxg6 Kd6 57. Kf7 Rf2+ 58. Kg8 Ke6 59. g6 Kf6 60. g7 Rh2 61. Kf8 Ra2 62. g8Q Ra8# 0-1